تحميل...

Encyclopedia of feminist theories /

The path-breaking Encyclopedia of Feminist Theories is an accessible, multidisciplinary insight into the complex field of feminist thought. The Encyclopedia contains over 500 authoritative entries commissioned from an international team of contributors and includes clear, concise and provocative exp...

وصف كامل

التفاصيل البيبلوغرافية
مؤلفون آخرون: Code, Lorraine
التنسيق: Printed Book
اللغة:English
منشور في: London ; New York : Routledge, 2000.
الموضوعات:
الوصول للمادة أونلاين:http://www.loc.gov/catdir/enhancements/fy0649/99087342-d.html
LEADER 01619cam a22002414a 4500
008 991213s2000 enk be 001 0 eng
010 |a  99087342  
020 |a 0415132746 
042 |a pcc 
082 0 0 |a 305.4203  |2 22 
245 0 0 |a Encyclopedia of feminist theories /  |c edited by Lorraine Code. 
260 |a London ;  |a New York :  |b Routledge,  |c 2000. 
300 |a xxvi, 530 pages  |c 25 cm. 
504 |a Includes bibliographical references and index. 
520 |a The path-breaking Encyclopedia of Feminist Theories is an accessible, multidisciplinary insight into the complex field of feminist thought. The Encyclopedia contains over 500 authoritative entries commissioned from an international team of contributors and includes clear, concise and provocative explanations of key themes and ideas. Each entry contains cross -references and a bibliographic guide to further reading; over 50 biographical entries provide readers with a sense of how the theories they encounter have developed out of the lives and situations of their authors. 
650 0 |a Feminist theory  |v Encyclopedias. 
700 1 |a Code, Lorraine. 
856 4 2 |u http://www.loc.gov/catdir/enhancements/fy0649/99087342-d.html 
906 |a 7  |b cbc  |c orignew  |d 1  |e ocip  |f 19  |g y-gencatlg 
942 |c REF 
955 |a to SSCD pv08 12-13-99; sf10 12-15-99; sf09 12-15-99; sf04; to Dewey 12-16-99; aa20 12-16-99; CIP ver. sd21 11-15-00; sd06 11-20-00 to BCCD; sb31 c.2 to BCCD 04-19-01 
999 |c 177741  |d 177741 
952 |0 0  |1 0  |4 0  |6 305_420300000000000_COD_E  |7 0  |9 197010  |a WMS  |b WMS  |c REF  |d 2012-10-22  |g 0.00  |i 542  |l 0  |o 305.4203 COD/E  |p WMS542  |r 2012-10-22  |w 2012-10-22  |y REF